|
|
|
|
| LEADER |
02444nam a2200661 a 4500 |
| 001 |
nkc20132456762 |
| 003 |
CZ PrNK |
| 005 |
20180912112826.0 |
| 007 |
ta |
| 008 |
130418s2013 xr f p 001 0 cze |
| 015 |
|
|
|a cnb002456762
|
| 020 |
|
|
|a 978-80-247-4309-7
|q (brož.)
|
| 035 |
|
|
|a (OCoLC)852382997
|
| 040 |
|
|
|a ABA001
|b cze
|
| 041 |
0 |
|
|a cze
|b eng
|
| 072 |
|
7 |
|a 373.2/.3
|x Předškolní a primární výchova a vzdělávání
|2 Konspekt
|9 22
|
| 080 |
|
|
|a 373.2.011.3-051-055.2
|2 MRF
|
| 080 |
|
|
|a 377
|2 MRF
|
| 080 |
|
|
|a 331.546
|2 MRF
|
| 080 |
|
|
|a 005.963
|2 MRF
|
| 080 |
|
|
|a 159.923.2
|2 MRF
|
| 080 |
|
|
|a 303.094.5
|2 MRF
|
| 080 |
|
|
|a 373.24
|2 MRF
|
| 080 |
|
|
|a (048.8)
|2 MRF
|
| 080 |
|
|
|a (07)
|2 MRF
|
| 100 |
1 |
|
|a Syslová, Zora,
|d 1964-
|7 mub2011645863
|4 aut
|
| 245 |
1 |
0 |
|a Profesní kompetence učitele mateřské školy /
|c Zora Syslová
|
| 250 |
|
|
|a Vyd. 1.
|
| 260 |
|
|
|a Praha :
|b Grada,
|c 2013
|
| 300 |
|
|
|a 158 s. ;
|c 21 cm
|
| 490 |
1 |
|
|a Pedagogika
|
| 504 |
|
|
|a Obsahuje bibliografii, bibliografické odkazy a rejstřík
|
| 546 |
|
|
|a Anglické resumé
|
| 650 |
0 |
7 |
|a učitelky mateřských škol
|7 ph276826
|2 czenas
|
| 650 |
0 |
7 |
|a profesní příprava
|7 ph134694
|2 czenas
|
| 650 |
0 |
7 |
|a profesní kompetence
|7 ph136580
|2 czenas
|
| 650 |
0 |
7 |
|a profesní rozvoj
|7 ph706538
|2 czenas
|
| 650 |
0 |
7 |
|a sebehodnocení
|7 ph739854
|2 czenas
|
| 650 |
0 |
7 |
|a evaluace
|7 ph205091
|2 czenas
|
| 650 |
0 |
7 |
|a mateřské školy
|7 ph122683
|2 czenas
|
| 650 |
0 |
9 |
|a women kindergarten teachers
|2 eczenas
|
| 650 |
0 |
9 |
|a professional training
|2 eczenas
|
| 650 |
0 |
9 |
|a vocational qualifications
|2 eczenas
|
| 650 |
0 |
9 |
|a professional development
|2 eczenas
|
| 650 |
0 |
9 |
|a evaluation
|2 eczenas
|
| 650 |
0 |
9 |
|a self-evaluation
|2 eczenas
|
| 650 |
0 |
9 |
|a kindergartens
|2 eczenas
|
| 655 |
|
7 |
|a monografie
|7 fd132842
|2 czenas
|
| 655 |
|
9 |
|a monographs
|2 eczenas
|
| 830 |
|
0 |
|a Pedagogika (Grada)
|0 s
|
| 910 |
2 |
|
|a BOA001
|b 2-1306.648
|
| 990 |
|
|
|a BK
|
| 995 |
|
|
|a 01
|
| 991 |
|
|
|b 201306
|c NOV
|e n
|
| 996 |
6 |
|
|b 2610552887
|c 2-1306.648
|l MZK
|r Sklad / do 1 hodiny
|n 22
|p p.v.
|w 001333374
|u 000010
|a 1
|e BOA001
|j MZK50
|s P
|
| 996 |
6 |
|
|b 2610564833
|c 2-1306.648
|l MZK
|r HSS 4p
|n 0
|p kup
|h 373.2/.3 SYS
|w 001333374
|u 000020
|a 0
|e BOA001
|j MZK50
|s P
|
| 996 |
7 |
|
|b 2610564834
|c 2-1306.648
|l Vol.výběr
|r VV 0p
|n 53
|p kup
|h 373.2/.3 SYS
|w 001333374
|u 000030
|a 0
|e BOA001
|j MZK50
|s A
|
| 996 |
7 |
|
|b 2610753907
|c 2-1306.648
|l Vol.výběr
|r VV 0p
|n 23
|p kup
|h 373.2/.3 SYS
|w 001333374
|u 000040
|a 0
|e BOA001
|j MZK50
|s A
|